Online
Catalog

A la luz del leberinto / (Record no. 5748)

MARC details
000 -CABECERA
campo de control de longitud fija 00949cam a2200277 a 4500
001 - NÚMERO DE CONTROL
campo de control 000005952
003 - IDENTIFICADOR DEL NÚMERO DE CONTROL
campo de control OSt
005 - FECHA Y HORA DE LA ÚLTIMA TRANSACCIÓN
campo de control 20200929151846.0
008 - DATOS DE LONGITUD FIJA--INFORMACIÓN GENERAL
campo de control de longitud fija 940222s1992 sp a 001 p spa c
020 ## - NÚMERO INTERNACIONAL ESTÁNDAR DEL LIBRO
Número Internacional Estándar del Libro 8478201378
040 ## - FUENTE DE LA CATALOGACIÓN
Centro catalogador/agencia de origen DO-SdBNP
Lengua de catalogación spa
Centro/agencia transcriptor BNPHU
082 ## - NÚMERO DE LA CLASIFICACIÓN DECIMAL DEWEY
Número de clasificación 861.64
Número de documento/Ítem M337a
100 1# - ENTRADA PRINCIPAL--NOMBRE DE PERSONA
Nombre de persona Marín Uriol, Miguel Ángel,
Fechas asociadas al nombre 1945-
9 (RLIN) 16759
245 10 - MENCIÓN DE TÍTULO
Título A la luz del leberinto /
Mención de responsabilidad, etc. Miguel Ángel Marín Uriol.
260 ## - PUBLICACIÓN, DISTRIBUCIÓN, ETC.
Lugar de publicación, distribución, etc. Zarogoza, España :
Nombre del editor, distribuidor, etc. Institución "Fernando el Católico,
Fecha de publicación, distribución, etc. 1992.
300 ## - DESCRIPCIÓN FÍSICA
Extensión 57 p. :
Otras características físicas il. ;
Dimensiones 25 cm.
490 1# - MENCIÓN DE SERIE
Mención de serie "San Jorge"
Designación de volumen o secuencia 65
490 1# - MENCIÓN DE SERIE
Mención de serie Publicación de la Institución "Fernando el Católico"
Designación de volumen o secuencia 1315
586 ## - NOTA DE PREMIOS
Nota de premios Premio del VII concurso Isabel de Portugal.
650 #4 - PUNTO DE ACCESO ADICIONAL DE MATERIA--TÉRMINO DE MATERIA
Término de materia o nombre geográfico como elemento de entrada Poesía española
9 (RLIN) 631
650 #4 - PUNTO DE ACCESO ADICIONAL DE MATERIA--TÉRMINO DE MATERIA
Término de materia o nombre geográfico como elemento de entrada Literatura española
Subdivisión cronológica SIGLO XX
9 (RLIN) 3326
830 #0 - PUNTO DE ACCESO ADICIONAL DE SERIE-TÍTULO UNIFORME
Título uniforme San Jorge, 65
9 (RLIN) 16761
830 #0 - PUNTO DE ACCESO ADICIONAL DE SERIE-TÍTULO UNIFORME
Título uniforme Publicación de la Institución "Fernando el Católico"
Número de parte o sección de la obra 1315
9 (RLIN) 16762
942 ## - ELEMENTOS DE PUNTO DE ACCESO ADICIONAL (KOHA)
Fuente del sistema de clasificación o colocación Dewey Decimal Classification
Tipo de ítem Koha Libros y folletos
956 ## - LOCALIZACIÓN Y ACCESO ELECTRÓNICOS LOCAL (OCLC)
Nombre del host LOPEREZ
Holdings
Estado de retiro Estado de pérdida Fuente del sistema de clasificación o colocación Restricciones de uso No para préstamo Código de colección Localización permanente Ubicación/localización actual Fecha de adquisición Número de inventario Total de préstamos Signatura topográfica completa Código de barras Fecha visto por última vez Precio válido a partir de Tipo de ítem Koha Ubicación en estantería Número de copia
    Dewey Decimal Classification   Excluido de préstamo Monografías: Libros y Folletos General General 24.08.2009 LF1   861.64 M337a 5952-10 25.06.2020 25.06.2020 No se presta    
  Extraviado     Excluido de préstamo Monografías: Libros y Folletos General General 06.04.2017 LF1   861.64 M337a 5952-20 25.06.2020 25.06.2020 No se presta Extraviado e. 2

Powered by Koha